[Event "III Festival A"]
[Site "Forni di Sopra ITA"]
[Date "2012.06.18"]
[Round "3"]
[White "Chandra, Akshat"]
[Black "Pozzobon, Davide"]
[Result "1-0"]
[WhiteElo "2155"]
[BlackElo "1884"]
[PlyCount "61"]
[EventDate "2012.06.16"]

1. e4 c5 2. Nf3 d6 3. d4 cxd4 4. Nxd4 Nf6 5. Nc3 g6 6. Be3 Bg7 7. f3 O-O 8. Qd2
Nc6 9. O-O-O Nxd4 10. Bxd4 Be6 11. Kb1 Qc7 12. Nd5 Bxd5 13. exd5 Rfc8 14. Rc1
Qd7 15. g4 Qa4 16. c3 Qa5 17. g5 Nd7 18. Bxg7 Kxg7 19. Bh3 Rc7 20. Bxd7 Rxd7
21. h4 e6 22. dxe6 fxe6 23. h5 Qf5+ 24. Ka1 Rh8 25. Rh4 h6 26. Rg1 Qxf3 27.
Rhg4 Rf7 28. a3 Rf5 29. gxh6+ Rxh6 30. Qxd6 Rfxh5 31. Rf4 1-0

[Event "III Festival A"]
[Site "Forni di Sopra ITA"]
[Date "2012.06.18"]
[Round "3"]
[White "Altini, Nicola"]
[Black "Bruno, Fabio"]
[WhiteElo "2288"]
[BlackElo "2447"]
[Result "1/2-1/2"]
[PlyCount "111"]
[EventDate "2012.06.16"]

1. e4 c5 2. Nf3 e6 3. d3 Nc6 4. g3 d5 5. Nbd2 g6 6. Bg2 Bg7 7. O-O Nge7 8. Re1
b6 9. c3 Bb7 10. exd5 Nxd5 11. Nc4 O-O 12. a4 Qc7 13. Ng5 h6 14. Ne4 Rad8 15.
Qb3 Ba6 16. a5 Nxa5 17. Nxa5 bxa5 18. Qa3 Bxd3 19. Nxc5 Bf5 20. Ne4 g5 21. Qxa5
Qxa5 22. Rxa5 Bxe4 23. Rxe4 Nxc3 24. bxc3 Rd1+ 25. Bf1 Rxc1 26. Rxa7 Rd8 27.
Kg2 Rd2 28. Ra8+ Kh7 29. Re3 Rxc3 30. Rxc3 Bxc3 31. Bc4 Rd4 32. Be2 Rd2 33. Bc4
Kg7 34. Ra2 Rd6 35. Rc2 Bd2 36. g4 Kg6 37. h3 h5 38. Be2 h4 39. Bf3 Rd4 40. Be2
Bf4 41. Bf3 Kf6 42. Be2 Ke7 43. Ra2 Rb4 44. Ra7+ Kf6 45. Ra2 Be5 46. Bf3 Bb2
47. Be2 Bd4 48. Rc2 Ke5 49. Bf3 f5 50. Re2+ Kf6 51. Rc2 Ke5 52. Re2+ Kd6 53.
Rc2 Rb6 54. Re2 Ra6 55. Bb7 Rb6 56. Bc8 1/2-1/2

[Event "III Festival A"]
[Site "Forni di Sopra ITA"]
[Date "2012.06.18"]
[Round "3"]
[White "Arun Prasad, Subramanian"]
[Black "Hagesaether, Ellen"]
[WhiteElo "2519"]
[BlackElo "2252"]
[Result "1-0"]
[PlyCount "85"]
[EventDate "2012.06.16"]

1. c4 f5 2. g3 Nf6 3. Bg2 c6 4. Nf3 e6 5. O-O d5 6. d3 Be7 7. Nc3 O-O 8. e4
fxe4 9. dxe4 dxc4 10. Qe2 Qd3 11. Qxd3 cxd3 12. Ne5 Rd8 13. Rd1 Nbd7 14. Nxd3
Nc5 15. Nxc5 Rxd1+ 16. Nxd1 Bxc5 17. Be3 Bxe3 18. Nxe3 e5 19. Nc4 Be6 20. Nxe5
Rd8 21. f4 Rd2 22. f5 Bc8 23. b3 Rd4 24. Re1 c5 25. g4 g5 26. h3 Kg7 27. Kf2 b6
28. Nc6 Rd2+ 29. Re2 Rxe2+ 30. Kxe2 Bb7 31. e5 Nd7 32. e6 Nf6 33. Bf3 a6 34.
Nb8 Bc8 35. Nc6 Kf8 36. Na7 Bxe6 37. fxe6 Ke7 38. Bb7 b5 39. Bc8 Nd5 40. Kd3
Kd6 41. Ke4 Nc3+ 42. Kf5 Nxa2 43. Bxa6 1-0

[Event "III Festival A"]
[Site "Forni di Sopra ITA"]
[Date "2012.06.18"]
[Round "3"]
[White "Balzano, Filli"]
[Black "Mastroddi, Emiliano"]
[Result "1-0"]
[WhiteElo "1913"]
[BlackElo "2089"]
[PlyCount "57"]
[EventDate "2012.06.16"]

1. e4 e5 2. Nf3 Nc6 3. Bc4 Nf6 4. d3 Bc5 5. c3 O-O 6. Nbd2 d6 7. Bb3 Bg4 8. h3
Bh5 9. Nf1 d5 10. Qe2 dxe4 11. dxe4 Bd6 12. g4 Bg6 13. Ng3 Ne7 14. O-O Qd7 15.
Nh4 Qc6 16. Nhf5 Bxf5 17. gxf5 a5 18. a4 h6 19. Kh2 Rac8 20. Rg1 Kh8 21. Rg2
Qd7 22. Nh5 Nxh5 23. Qxh5 Ng8 24. Qg4 f6 25. Be6 Qe7 26. Qg6 c6 27. Be3 Qc7 28.
Bb6 Qe7 29. Rag1 1-0

[Event "III Festival A"]
[Site "Forni di Sopra ITA"]
[Date "2012.06.18"]
[Round "3"]
[White "Bellincampi, Stefano"]
[Black "Rubini, Alessandro"]
[Result "1-0"]
[WhiteElo "2069"]
[BlackElo "1926"]
[PlyCount "39"]
[EventDate "2012.06.16"]

1. e4 c5 2. Nf3 e6 3. c3 d5 4. exd5 Qxd5 5. d4 cxd4 6. cxd4 Nf6 7. Nc3 Qd8 8.
Bc4 Bd6 9. O-O O-O 10. Qe2 a6 11. Rd1 b5 12. Bb3 Bb7 13. Bg5 Nbd7 14. Ne5 Qb8
15. Bf4 Nb6 16. Rac1 Nbd5 17. Bg3 Rc8 18. Nxd5 Rxc1 19. Nxf6+ gxf6 20. Qg4+ 1-0

[Event "III Festival A"]
[Site "Forni di Sopra ITA"]
[Date "2012.06.18"]
[Round "3"]
[White "Bonfa', Ileano"]
[Black "Happel, Hendrik A."]
[Result "1/2-1/2"]
[WhiteElo "2265"]
[BlackElo "2125"]
[PlyCount "36"]
[EventDate "2012.06.16"]

1. c4 Nf6 2. g3 e6 3. Bg2 d5 4. Nf3 Be7 5. O-O O-O 6. b3 c5 7. Bb2 Nc6 8. e3 b6
9. Nc3 Bb7 10. Qe2 dxc4 11. bxc4 Rc8 12. Rac1 a6 13. Rfd1 Qc7 14. d4 cxd4 15.
exd4 Na5 16. d5 Qxc4 17. dxe6 Qxe2 18. exf7+ Kxf7 1/2-1/2

[Event "III Festival A"]
[Site "Forni di Sopra ITA"]
[Date "2012.06.18"]
[Round "3"]
[White "Boraso, Alessio"]
[Black "Brunello, Marina"]
[Result "1-0"]
[WhiteElo "2057"]
[BlackElo "2267"]
[PlyCount "83"]
[EventDate "2012.06.16"]

1. d4 Nf6 2. c4 e6 3. Nc3 c5 4. d5 exd5 5. cxd5 d6 6. e4 g6 7. f4 Bg7 8. Nf3
O-O 9. Be2 Re8 10. e5 dxe5 11. fxe5 Ng4 12. e6 fxe6 13. d6 a6 14. O-O Nd7 15.
a4 Qb6 16. a5 Qc6 17. Ng5 Nge5 18. Kh1 b5 19. Bd3 Nxd3 20. Qxd3 Bb7 21. Qh3 h6
22. Nf3 h5 23. Qg3 Nf8 24. Nh4 Rad8 25. Nxg6 Qxg2+ 26. Qxg2 Bxg2+ 27. Kxg2 Nxg6
28. Ne4 Nh4+ 29. Kh3 Nf5 30. Rg1 Rf8 31. Bg5 Rd7 32. Rad1 Kh8 33. Nxc5 Rxd6 34.
Rxd6 Nxd6 35. Be7 Rf3+ 36. Kg2 Rf5 37. Bxd6 Rd5 38. Ne4 Bxb2 39. Kf3 Bd4 40.
Rg6 Rf5+ 41. Ke2 Be5 42. Rxe6 1-0

[Event "III Festival A"]
[Site "Forni di Sopra ITA"]
[Date "2012.06.18"]
[Round "3"]
[White "Boscolo, Federico"]
[Black "Dvirnyy, Danyyil"]
[WhiteElo "2300"]
[BlackElo "2515"]
[Result "1/2-1/2"]
[PlyCount "48"]
[EventDate "2012.06.16"]

1. e4 c6 2. d4 d5 3. Nc3 dxe4 4. Nxe4 Bf5 5. Ng3 Bg6 6. Nf3 Nd7 7. Bd3 Bxd3 8.
Qxd3 Ngf6 9. O-O e6 10. Re1 Be7 11. Ne4 O-O 12. Nxf6+ Nxf6 13. Bg5 c5 14. Qb3
h6 15. Bh4 cxd4 16. Qxb7 Bc5 17. Ne5 Qd5 18. Qa6 Rab8 19. b3 Bb4 20. Re2 Nh5
21. Nf3 Qf5 22. Bg3 Nxg3 23. hxg3 Bc3 24. Rd1 Qc5 1/2-1/2

[Event "III Festival A"]
[Site "Forni di Sopra ITA"]
[Date "2012.06.18"]
[Round "3"]
[White "Bove, Alessandro"]
[Black "Makka, Ioulia"]
[Result "1-0"]
[WhiteElo "2362"]
[BlackElo "2149"]
[PlyCount "79"]
[EventDate "2012.06.16"]

1. e4 c6 2. Nc3 d5 3. Nf3 Bg4 4. h3 Bxf3 5. Qxf3 e6 6. Be2 Nd7 7. d3 d4 8. Nb1
Bb4+ 9. c3 Ba5 10. O-O c5 11. Qg3 g6 12. Na3 Bc7 13. f4 a6 14. Qf2 Ne7 15. f5
gxf5 16. Bg5 Nf8 17. Nc4 Rg8 18. Bxe7 Qxe7 19. exf5 O-O-O 20. f6 Qe8 21. a4 Ng6
22. Bg4 Nf4 23. Qd2 dxc3 24. bxc3 Rxd3 25. Qc2 Rg3 26. Rxf4 Bxf4 27. Rf1 Bc7
28. Qxh7 Rg6 29. Qh5 Qc6 30. Rf2 Rxc3 31. Rd2 Rc1+ 32. Bd1 b6 33. Qxg6 fxg6 34.
f7 Kb7 35. f8=Q Qxa4 36. Nd6+ Ka7 37. Qf3 Bxd6 38. Rxd6 a5 39. Rd8 Ka6 40. Qf1+
1-0

[Event "III Festival A"]
[Site "Forni di Sopra ITA"]
[Date "2012.06.18"]
[Round "3"]
[White "Capaliku, Aleks"]
[Black "Welling, Gerard"]
[Result "1/2-1/2"]
[WhiteElo "2117"]
[BlackElo "2333"]
[PlyCount "88"]
[EventDate "2012.06.16"]

1. f4 e6 2. Nf3 b6 3. e3 Bb7 4. b3 Nf6 5. Bb2 Be7 6. c4 c5 7. Be2 Nc6 8. O-O
O-O 9. Na3 d5 10. Ne5 Nxe5 11. fxe5 Ne8 12. Nc2 Nc7 13. Bf3 b5 14. cxb5 Nxb5
15. a4 Nc7 16. d4 Rb8 17. Ne1 Ba6 18. Rf2 Rb7 19. Ba3 cxd4 20. exd4 Bxa3 21.
Rxa3 Qe7 22. Ra1 Rfb8 23. Rb1 Qb4 24. Rfb2 Qc3 25. Kh1 Bc4 26. Rc2 Qb4 27. Rxc4
dxc4 28. Nc2 Qb6 29. Bxb7 Qxb7 30. b4 Qe4 31. Rc1 Nd5 32. b5 Nc3 33. Qe1 Qxe1+
34. Nxe1 Nxa4 35. Rxc4 Nb6 36. Rc7 Nd5 37. Rxa7 h6 38. Ra5 Nc7 39. h3 Nxb5 40.
Nf3 Nc3 41. h4 Nd5 42. Ra2 Rb7 43. Kh2 Kh7 44. h5 g6 1/2-1/2

[Event "III Festival A"]
[Site "Forni di Sopra ITA"]
[Date "2012.06.18"]
[Round "3"]
[White "Ceschia, Ivano"]
[Black "Basso, Pier Luigi"]
[WhiteElo "2329"]
[BlackElo "2181"]
[Result "1/2-1/2"]
[PlyCount "77"]
[EventDate "2012.06.16"]

1. e4 c5 2. Nf3 d6 3. d4 cxd4 4. Qxd4 Nc6 5. Bb5 Bd7 6. Bxc6 Bxc6 7. Nc3 h6 8.
Be3 e5 9. Qd3 Nf6 10. O-O-O Be7 11. Kb1 Qc7 12. h3 a6 13. Nd2 Rd8 14. Nd5 Nxd5
15. exd5 Bd7 16. f4 exf4 17. Bxf4 O-O 18. Rhe1 Rfe8 19. g4 Bh4 20. Rxe8+ Rxe8
21. Ne4 Bb5 22. Qf3 Qe7 23. Nc3 Bd7 24. a3 Qf6 25. Ne4 Qg6 26. Nxd6 Re7 27. Bg3
Bxg3 28. Qxg3 h5 29. Nf5 Bxf5 30. Qb8+ Kh7 31. gxf5 Qxf5 32. d6 Rd7 33. Rd3 Qe6
34. Qf8 a5 35. a4 Qe1+ 36. Ka2 Qe6+ 37. Kb1 Qe1+ 38. Ka2 Qe6+ 39. Kb1 1/2-1/2

[Event "III Festival A"]
[Site "Forni di Sopra ITA"]
[Date "2012.06.18"]
[Round "3"]
[White "Hansson, Hakan"]
[Black "Vezzosi, Paolo"]
[Result "0-1"]
[WhiteElo "2093"]
[BlackElo "2278"]
[PlyCount "72"]
[EventDate "2012.06.16"]

1. d4 Nf6 2. c4 e6 3. Nf3 c5 4. e3 b6 5. Be2 Bb7 6. O-O Be7 7. b3 O-O 8. Bb2 d6
9. Nc3 a6 10. Qc2 Nbd7 11. Rad1 Rc8 12. Ne1 cxd4 13. exd4 Rc7 14. Qd2 Qa8 15.
Bf3 d5 16. cxd5 Nxd5 17. Nxd5 Bxd5 18. Bxd5 Qxd5 19. Nc2 Bg5 20. f4 Qe4 21. Nb4
Be7 22. Nd3 Rfc8 23. Rc1 Nf6 24. Rxc7 Rxc7 25. Rc1 Rxc1+ 26. Nxc1 Nd5 27. g3
Bb4 28. Qe2 Qb1 29. Kg2 h5 30. f5 Bc3 31. Bxc3 Qxc1 32. Bb4 e5 33. Bd6 Qc6 34.
Qxe5 Nf4+ 35. Kf1 Qg2+ 36. Ke1 Nd3+ 0-1

[Event "III Festival A"]
[Site "Forni di Sopra ITA"]
[Date "2012.06.18"]
[Round "3"]
[White "Litrico, Paolo"]
[Black "Formento, Paolo"]
[Result "0-1"]
[WhiteElo "1975"]
[BlackElo "2155"]
[PlyCount "46"]
[EventDate "2012.06.16"]

1. d4 Nf6 2. Nf3 g6 3. Nc3 d5 4. Bf4 Bg7 5. e3 O-O 6. Be2 c5 7. Ne5 Nc6 8. O-O
Ne4 9. Nxc6 bxc6 10. Na4 g5 11. f3 gxf4 12. fxe4 dxe4 13. Nxc5 f5 14. Bc4+ Kh8
15. Qh5 fxe3 16. c3 Rb8 17. Bb3 Qd6 18. Rae1 Qh6 19. Qe2 e5 20. d5 cxd5 21.
Qxe3 f4 22. Qd2 Qb6 23. Qxd5 Bb7 0-1

[Event "III Festival A"]
[Site "Forni di Sopra ITA"]
[Date "2012.06.18"]
[Round "3"]
[White "Medancic, Rikard"]
[Black "Pegoraro, Nicola"]
[Result "1-0"]
[WhiteElo "2249"]
[BlackElo "2068"]
[PlyCount "61"]
[EventDate "2012.06.16"]

1. e4 c5 2. c3 e5 3. Bc4 Nc6 4. Nf3 Qc7 5. O-O Nf6 6. d3 Be7 7. Ng5 O-O 8. f4
h6 9. Nh3 d6 10. f5 Rd8 11. Qf3 Na5 12. Na3 Nxc4 13. dxc4 Qc6 14. Nf2 a6 15. g4
b5 16. h4 Bb7 17. Re1 Nh7 18. Qg3 f6 19. Rd1 bxc4 20. Nxc4 a5 21. Ne3 Qc7 22.
Nd5 Bxd5 23. exd5 Kf7 24. Ne4 Rg8 25. Kh2 g6 26. fxg6+ Rxg6 27. h5 Rgg8 28.
Bxh6 Qa7 29. Rg1 f5 30. Raf1 f4 31. Qd3 1-0

[Event "III Festival A"]
[Site "Forni di Sopra ITA"]
[Date "2012.06.18"]
[Round "3"]
[White "Naroditsky, Daniel"]
[Black "Narciso Dublan, Marc"]
[WhiteElo "2479"]
[BlackElo "2541"]
[Result "1/2-1/2"]
[PlyCount "256"]
[EventDate "2012.06.16"]

1. e4 e5 2. Nf3 Nc6 3. Bb5 a6 4. Ba4 Nf6 5. O-O Nxe4 6. d4 b5 7. Bb3 d5 8. dxe5
Be6 9. Nbd2 Nc5 10. c3 Bg4 11. Bc2 Ne6 12. Re1 Bc5 13. Nf1 Ne7 14. h3 Bh5 15.
Ng3 Bg6 16. Nh4 c6 17. Nxg6 fxg6 18. Qg4 Qd7 19. Ne2 Nf5 20. Bxf5 gxf5 21. Qg3
g5 22. Nd4 f4 23. Qd3 Bxd4 24. cxd4 O-O 25. Kh2 a5 26. b3 Rf7 27. Bd2 Rg7 28.
g4 fxg3+ 29. fxg3 Rf7 30. Rf1 Raf8 31. Be3 c5 32. dxc5 d4 33. Rxf7 Rxf7 34. Bg1
Qd5 35. Rc1 Rf3 36. Qd1 g4 37. c6 Qxe5 38. Qe1 Qxe1 39. Rxe1 Kf7 40. hxg4 Rc3
41. Rd1 Rxc6 42. Bxd4 Rc2+ 43. Kg1 Rxa2 44. Rf1+ Ke8 45. Bb6 a4 46. bxa4 bxa4
47. Rf6 Kd7 48. Rf7+ Kc6 49. Bf2 a3 50. Ra7 Ng5 51. Kf1 Nf3 52. Be3 Nh2+ 53.
Ke1 Kd5 54. Bc1 Ra1 55. Kd1 a2 56. Kc2 Nxg4 57. Bb2 Rg1 58. Rxh7 Ne3+ 59. Kb3
a1=Q 60. Bxa1 Rxa1 61. Rd7+ Ke4 62. Re7+ Kd4 63. Rd7+ Nd5 64. Rh7 Kd3 65. Rh2
Ra8 66. Rh6 Rb8+ 67. Ka4 Kd4 68. Rh4+ Kc5 69. Ka3 Ne3 70. Ka4 Nc4 71. Rh5+ Kd4
72. g4 Rb1 73. g5 Ne5 74. Rh4+ Kc5 75. g6 Rg1 76. Rh5 Kd4 77. Rh4+ Kd5 78. Kb3
Rg3+ 79. Kc2 Nxg6 80. Ra4 Ne5 81. Ra8 Nc6 82. Rh8 Nd4+ 83. Kd2 Ne6 84. Rh4 Ng5
85. Ke2 Ne4 86. Rh8 Ra3 87. Rg8 Nf6 88. Rb8 Ke4 89. Rb4+ Ke5 90. Rb8 Nd5 91.
Rh8 Ke4 92. Re8+ Kd4 93. Rh8 Nc3+ 94. Kf3 Ne4+ 95. Kf4 Nf6 96. Kf5 Rf3+ 97. Ke6
Ng4 98. Rd8+ Ke4 99. Ra8 Rf6+ 100. Ke7 Rb6 101. Ra1 Ne3 102. Kd7 Rh6 103. Rb1
Nc2 104. Rc1 Nd4 105. Rg1 Kf5 106. Re1 Nf3 107. Rf1 Ke4 108. Ra1 Ne5+ 109. Ke7
Nd3 110. Kf7 Kf5 111. Ke7 Re6+ 112. Kd7 Nc5+ 113. Kc7 Ke5 114. Rh1 Kd5 115.
Rd1+ Kc4 116. Rh1 Rg6 117. Rf1 Rg7+ 118. Kc6 Nd3 119. Rh1 Rg6+ 120. Kc7 Kb5
121. Rf1 Rc6+ 122. Kd7 Nc5+ 123. Ke7 Re6+ 124. Kf7 Re3 125. Rf6 Ne4 126. Rf1
Kc6 127. Rc1+ Kd7 128. Rd1+ Nd6+ 1/2-1/2

[Event "III Festival A"]
[Site "Forni di Sopra ITA"]
[Date "2012.06.18"]
[Round "3"]
[White "Ninov, Nikolai Ivanov"]
[Black "Xia, Jie"]
[WhiteElo "2471"]
[BlackElo "2300"]
[Result "1/2-1/2"]
[PlyCount "81"]
[EventDate "2012.06.16"]

1. e4 c5 2. Nf3 Nc6 3. d4 cxd4 4. Nxd4 g6 5. c4 Bg7 6. Be3 Nf6 7. Nc3 O-O 8.
Be2 d6 9. O-O Bd7 10. Qd2 Nxd4 11. Bxd4 Bc6 12. f3 a5 13. b3 Nd7 14. Be3 Nc5
15. Rab1 Qb6 16. Rfc1 Rfc8 17. Rc2 h5 18. Bf1 Kh7 19. Kh1 Qd8 20. Re1 Qh8 21.
Nd5 Bxd5 22. exd5 Re8 23. Bf2 Bh6 24. Qd1 Qf6 25. Bd4 Qf5 26. h4 e5 27. dxe6
Rxe6 28. Rxe6 Nxe6 29. Bf2 Rd8 30. Bd3 Qf6 31. Be4 Nc5 32. Bd5 Re8 33. Re2 Re7
34. g3 Bg7 35. Bd4 Qxd4 36. Qxd4 Rxe2 37. Qf4 Nd3 38. Qxf7 Re1+ 39. Kg2 Re2+
40. Kf1 Re1+ 41. Kg2 1/2-1/2

[Event "III Festival A"]
[Site "Forni di Sopra ITA"]
[Date "2012.06.18"]
[Round "3"]
[White "Osmanovic, Faruk"]
[Black "Rorato, Renzo"]
[Result "1/2-1/2"]
[WhiteElo "2008"]
[BlackElo "2053"]
[PlyCount "74"]
[EventDate "2012.06.16"]

1. e4 c5 2. Nf3 d6 3. d4 cxd4 4. Qxd4 Nc6 5. Bb5 Bd7 6. Bxc6 Bxc6 7. Nc3 Nf6 8.
Bg5 e6 9. O-O-O Be7 10. Kb1 h6 11. Bxf6 Bxf6 12. Qc4 O-O 13. Rd3 Qa5 14. Nd4
Rfc8 15. Qb3 Rab8 16. Rhd1 Qc5 17. f3 a6 18. Nce2 d5 19. Rc3 Qa5 20. exd5 Bxd5
21. Qa3 Qb6 22. Rxc8+ Rxc8 23. Qd3 Bc4 24. Qd2 Bxe2 25. Qxe2 Bxd4 26. c3 Bf6
27. Kc2 Qa5 28. Qe4 Rxc3+ 29. Kb1 Rc7 30. g4 Qe5 31. Rd8+ Bxd8 32. Qxe5 Kf8 33.
f4 Rd7 34. Qc5+ Ke8 35. Qc2 Bf6 36. Qc8+ Bd8 37. Qc2 Bf6 1/2-1/2

[Event "III Festival A"]
[Site "Forni di Sopra ITA"]
[Date "2012.06.18"]
[Round "3"]
[White "Picco, Ruggero"]
[Black "Arjun, Bharat"]
[Result "0-1"]
[WhiteElo "2015"]
[BlackElo "2231"]
[PlyCount "116"]
[EventDate "2012.06.16"]

1. e4 c6 2. d3 d5 3. Nd2 e5 4. g3 Bd6 5. Bg2 Nf6 6. Ne2 O-O 7. O-O Re8 8. c4
dxe4 9. Nxe4 Nxe4 10. dxe4 Be6 11. b3 a5 12. Be3 Na6 13. Nc3 Bc5 14. Qe2 Qe7
15. Na4 Bd4 16. Rad1 Red8 17. Rd2 Qc7 18. Rfd1 c5 19. Nb2 Nb4 20. Nd3 Nxd3 21.
Rxd3 a4 22. Bxd4 cxd4 23. Qd2 axb3 24. axb3 Ra3 25. f4 f6 26. fxe5 fxe5 27. Rf1
Rda8 28. Qb4 b6 29. Rf8+ Rxf8 30. Qxa3 Qc5 31. Qxc5 bxc5 32. Bf3 Ra8 33. Rd2
Ra1+ 34. Kf2 Kf7 35. g4 Ke7 36. h3 Kd6 37. Bd1 Bf7 38. Be2 Rb1 39. Bd1 Bg6 40.
Bc2 Rh1 41. Kg2 Re1 42. Kf2 Re3 43. Kg2 Ke7 44. h4 Bxe4+ 45. Bxe4 Rxe4 46. Ra2
Rxg4+ 47. Kh3 Re4 48. Ra5 Re3+ 49. Kg4 Rxb3 50. Rxc5 Kd6 51. Rd5+ Ke6 52. Ra5
h5+ 53. Kg5 Rg3+ 54. Kxh5 Kf5 55. Ra7 d3 56. c5 d2 57. Rd7 Rg6 58. Rf7+ Rf6 0-1

[Event "III Festival A"]
[Site "Forni di Sopra ITA"]
[Date "2012.06.18"]
[Round "3"]
[White "Popa, Claudiu"]
[Black "Palazzotto, Roberto"]
[Result "1-0"]
[WhiteElo "2146"]
[BlackElo "1977"]
[PlyCount "63"]
[EventDate "2012.06.16"]

1. e4 c5 2. c3 e5 3. Nf3 Nc6 4. Bc4 Nf6 5. d3 Be7 6. O-O O-O 7. Re1 Qc7 8. Bg5
d6 9. Nbd2 Be6 10. a4 Rfd8 11. Qe2 Rab8 12. Bxe6 fxe6 13. Nc4 b5 14. axb5 Rxb5
15. Ra2 Na5 16. Nxa5 Rxa5 17. Rea1 Rxa2 18. Rxa2 Qb6 19. Nd2 Nd5 20. exd5 Bxg5
21. Nc4 Qc7 22. dxe6 Bf6 23. Ne3 d5 24. Ng4 d4 25. Nxf6+ gxf6 26. Qg4+ Kh8 27.
Qf5 Kg7 28. c4 Re8 29. h4 Qb6 30. h5 a6 31. h6+ Kxh6 32. Qxf6+ 1-0

[Event "III Festival A"]
[Site "Forni di Sopra ITA"]
[Date "2012.06.18"]
[Round "3"]
[White "Prats Rodriguez, Juan Bosco"]
[Black "Laco, Giuseppe"]
[Result "1/2-1/2"]
[WhiteElo "2029"]
[BlackElo "2105"]
[PlyCount "121"]
[EventDate "2012.06.16"]

1. e4 c5 2. Nc3 e6 3. g3 Nc6 4. Bg2 a6 5. d3 b5 6. f4 Bb7 7. Nf3 Be7 8. O-O h5
9. h3 d5 10. Qe2 d4 11. Nd1 Qb6 12. Nf2 Nh6 13. c3 O-O-O 14. cxd4 cxd4 15. Bd2
Kb8 16. Rfc1 a5 17. Qe1 b4 18. Qd1 Ba6 19. Be1 Bb5 20. a3 Rhg8 21. axb4 Nxb4
22. Bxb4 Bxb4 23. Ne5 g6 24. Nc4 Bxc4 25. Rxc4 Rc8 26. Rac1 Rxc4 27. Rxc4 Rc8
28. Qc1 Rxc4 29. Qxc4 Ng8 30. e5 Ne7 31. g4 h4 32. b3 g5 33. f5 exf5 34. Qxf7
Qc5 35. Qe8+ Kc7 36. e6 Qc1+ 37. Bf1 Qc6 38. Qxc6+ Kxc6 39. gxf5 Nxf5 40. Ne4
Be7 41. Bg2 Kb5 42. Nd2 Ne3 43. Be4 Kc5 44. Bg6 Kb4 45. Kf2 Kc3 46. Ke2 g4 47.
hxg4 Nxg4 48. Nc4 Kb4 49. Kf3 Nf6 50. Kf4 Kxb3 51. Nxa5+ Kc3 52. Nc6 Ba3 53. e7
Nd5+ 54. Kg4 Bxe7 55. Nxe7 Nxe7 56. Be4 Ng8 57. Kxh4 Nf6 58. Bf5 Nd5 59. Kg3
Nb4 60. Kf2 Kd2 61. Bh7 1/2-1/2

[Event "III Festival A"]
[Site "Forni di Sopra ITA"]
[Date "2012.06.18"]
[Round "3"]
[White "Rotstein, Arkadij"]
[Black "Rombaldoni, Axel"]
[WhiteElo "2512"]
[BlackElo "2469"]
[Result "0-1"]
[PlyCount "80"]
[EventDate "2012.06.16"]

1. g3 Nf6 2. Bg2 d5 3. Nf3 g6 4. O-O Bg7 5. d3 O-O 6. Nbd2 c5 7. e4 Nc6 8. c3
e6 9. Re1 b6 10. e5 Nd7 11. d4 a5 12. Nf1 Ba6 13. Bg5 Qb8 14. Ne3 cxd4 15. cxd4
h6 16. Bf4 g5 17. Bxg5 hxg5 18. Nxg5 Qd8 19. Qg4 Ncxe5 20. dxe5 Nxe5 21. Qh4
Re8 22. f4 Nd3 23. Qh7+ Kf8 24. Qh5 Ra7 25. Rf1 f5 26. Qg6 Bc8 27. Ng4 Bd4+ 28.
Kh1 Rg7 29. Qh6 fxg4 30. Rad1 Ba6 31. Nxe6+ Rxe6 32. Qxe6 Qd7 33. Qh6 Qf5 34.
Qd6+ Re7 35. Bxd5 Qd7 36. Qh6+ Bg7 37. Qh5 Re2 38. Rxd3 Bxd3 39. Rd1 Be4+ 40.
Kg1 Rg2+ 0-1

[Event "III Festival A"]
[Site "Forni di Sopra ITA"]
[Date "2012.06.18"]
[Round "3"]
[White "Salgado Lopez, Ivan"]
[Black "Romanishin, Oleg M."]
[WhiteElo "2623"]
[BlackElo "2511"]
[Result "1-0"]
[PlyCount "91"]
[EventDate "2012.06.16"]

1. e4 e5 2. Nf3 Nc6 3. d4 exd4 4. Nxd4 Bc5 5. Nb3 Bb4+ 6. c3 Be7 7. f4 d6 8.
Bd3 Nf6 9. N1d2 O-O 10. O-O a5 11. a4 g6 12. Qc2 Be6 13. Kh1 Re8 14. Nf3 d5 15.
e5 Ne4 16. Nbd4 Nxd4 17. Nxd4 c6 18. Nxe6 fxe6 19. Be3 Qc7 20. Bxe4 dxe4 21.
Qb3 Bf8 22. f5 gxf5 23. Rxf5 Kh8 24. Rf2 Bg7 25. Raf1 Qd7 26. Rd1 Qe7 27. Qc4
Rad8 28. Rdf1 Qd7 29. Qxe4 Qd5 30. Qg4 Rf8 31. Rxf8+ Rxf8 32. Rxf8+ Bxf8 33. h4
Bg7 34. Qh5 Qd7 35. Bh6 b5 36. axb5 cxb5 37. Bxg7+ Kxg7 38. Qg5+ Kf7 39. Qf6+
Kg8 40. Kh2 a4 41. h5 Qe8 42. Qg5+ Kf7 43. Qf6+ Kg8 44. h6 Qd7 45. Kh3 Qd3+ 46.
g3 1-0

[Event "III Festival A"]
[Site "Forni di Sopra ITA"]
[Date "2012.06.18"]
[Round "3"]
[White "Saravanan, Venkatachalam"]
[Black "Prakken, Gerrit"]
[WhiteElo "2401"]
[BlackElo "2203"]
[Result "1-0"]
[PlyCount "52"]
[EventDate "2012.06.16"]

1. Nf3 d6 2. d4 g6 3. c4 Bg7 4. Nc3 c5 5. dxc5 Bxc3+ 6. bxc3 dxc5 7. Qb3 Nc6 8.
g3 Nf6 9. Bg2 O-O 10. O-O b6 11. Rd1 Bd7 12. Bf4 Qc8 13. Ne5 Be8 14. Qc2 Qe6
15. Nf3 Bd7 16. Ng5 Qxc4 17. Rxd7 Nxd7 18. Bxc6 Rad8 19. Nf3 Qe6 20. Bb5 Qh3
21. Qe4 e6 22. Bd6 Nf6 23. Qc6 Rfe8 24. Qc7 Nd5 25. Qxa7 Ra8 26. Qb7 Red8 1-0

[Event "III Festival A"]
[Site "Forni di Sopra ITA"]
[Date "2012.06.18"]
[Round "3"]
[White "Sorbera, Giovanni"]
[Black "Innocenti, Giovanni"]
[Result "1-0"]
[WhiteElo "2153"]
[BlackElo "2021"]
[PlyCount "56"]
[EventDate "2012.06.16"]

1. e4 e5 2. Nf3 Nc6 3. Bb5 a6 4. Ba4 Nf6 5. O-O Nxe4 6. d4 b5 7. Bb3 d5 8. dxe5
Be6 9. c3 Bc5 10. Nbd2 O-O 11. Qe2 Nxd2 12. Bxd2 f6 13. Rad1 fxe5 14. Ng5 Bf7
15. Nxf7 Rxf7 16. Be3 d4 17. cxd4 Bxd4 18. Bxd4 exd4 19. Qf3 Ne5 20. Bxf7+ Nxf7
21. Rxd4 Qxd4 22. Qxa8+ Nd8 23. Qxa6 c6 24. b3 b4 25. Qe2 Kf8 26. Qf3+ Qf6 27.
Qxf6+ gxf6 28. Rc1 Ke7 1-0

[Event "III Festival A"]
[Site "Forni di Sopra ITA"]
[Date "2012.06.18"]
[Round "3"]
[White "Sundararajan, Kidambi"]
[Black "Lalith, Babu M.R."]
[WhiteElo "2447"]
[BlackElo "2529"]
[Result "1/2-1/2"]
[PlyCount "45"]
[EventDate "2012.06.16"]

1. d4 Nf6 2. c4 e6 3. Nc3 Bb4 4. e3 O-O 5. Bd3 d6 6. Nge2 b6 7. a3 Bxc3+ 8.
Nxc3 Bb7 9. O-O Nbd7 10. e4 e5 11. d5 h6 12. b4 c5 13. dxc6 Bxc6 14. Be3 Ne8
15. Qe2 Nc7 16. Rfd1 Nf6 17. Bc2 Qe7 18. Nd5 Ncxd5 19. cxd5 Bd7 20. Rac1 Nh7
21. Qh5 Nf6 22. Qe2 Nh7 23. Qh5 1/2-1/2

[Event "III Festival A"]
[Site "Forni di Sopra ITA"]
[Date "2012.06.18"]
[Round "3"]
[White "Tonon, Alessandro"]
[Black "Lantini, Marco"]
[Result "1/2-1/2"]
[WhiteElo "2275"]
[BlackElo "2147"]
[PlyCount "22"]
[EventDate "2012.06.16"]

1. d4 d5 2. c4 e6 3. Nf3 Nf6 4. g3 dxc4 5. Bg2 Nc6 6. Qa4 Bb4+ 7. Bd2 Nd5 8.
O-O Bd7 9. Qc2 b5 10. Nc3 Rb8 11. e4 Nf6 1/2-1/2

[Event "III Festival A"]
[Site "Forni di Sopra ITA"]
[Date "2012.06.18"]
[Round "3"]
[White "Vasquez Ramirez, Rocio"]
[Black "Chiarion, Elisa"]
[Result "1/2-1/2"]
[WhiteElo "2149"]
[BlackElo "2012"]
[PlyCount "132"]
[EventDate "2012.06.16"]

1. e4 c5 2. Nf3 d6 3. g3 Nc6 4. Bg2 Nf6 5. d3 g6 6. b3 Bg7 7. Bb2 O-O 8. O-O e5
9. c4 b6 10. Nc3 Bb7 11. Nd5 Nd4 12. Nxd4 Nxd5 13. Nf5 Nf4 14. Nxg7 Nxg2 15.
Nh5 Qg5 16. Bc1 Qxh5 17. Qxh5 gxh5 18. Bh6 Rfe8 19. Kxg2 f5 20. f3 f4 21. gxf4
Re6 22. Bg5 Rg6 23. Kf2 h6 24. Be7 Re6 25. Rg1+ Kf7 26. Bh4 exf4 27. Ke2 d5 28.
cxd5 Bxd5 29. Be1 Bc6 30. Bc3 Rg8 31. Rxg8 Kxg8 32. Rg1+ Kf8 33. Rg7 a6 34. Ra7
a5 35. Bd2 Rf6 36. Rc7 Bb5 37. a4 Be8 38. d4 cxd4 39. Kd3 h4 40. e5 Rg6 41.
Kxd4 Bc6 42. Bxf4 Bxf3 43. Rh7 h5 44. Rh6 Rxh6 45. Bxh6+ Ke8 46. Kc3 Kd7 47.
Bg5 h3 48. e6+ Kc7 49. Bf4+ Kc8 50. Kc4 Kb7 51. e7 Bc6 52. Kd4 b5 53. axb5 Bxb5
54. Kc5 Be8 55. Bc1 Kc7 56. Bd2 Bf7 57. Bxa5+ Kd7 58. b4 Kxe7 59. Kc6 Be8+ 60.
Kc7 Ba4 61. Bb6 Ke6 62. Be3 Kd5 63. Kb6 Kc4 64. Ka5 Be8 65. Bf4 Bd7 66. Bg3 Be8
1/2-1/2